[Event "The Asheboro Open XX"]
[Site "?"]
[Date "2007.01.13"]
[Round "?"]
[White "Xin, Samuel"]
[Black "Helfst, Matt"]
[Result "0-1"]
[WhiteElo "1754"]
[BlackElo "1734"]
[Annotator "Fritz 9 (30s)"]
[PlyCount "72"]
[SourceDate "2006.11.11"]

{C17: French: 3 Nc3 Bb4 4 e5 c5 sidelines} 1. e4 e6 2. d4 d5 3. Nc3 Bb4 4. e5
c5 5. Bd2 cxd4 6. Nb5 Bc5 7. b4 Bf8 8. Nxd4 Nc6 {
Black threatens to win material: Nc6xd4} 9. Bb5 $146 {White pins: Bb5xc6} (9.
Ngf3 Qc7 10. Nxc6 bxc6 11. c4 f6 12. Qe2 fxe5 13. Qxe5 Bd6 14. Qe3 Nf6 15. c5
Be7 16. Bd3 O-O 17. Ne5 Nd7 18. Bxh7+ Kxh7 19. Qh3+ Kg8 20. Qxe6+ Kh7 21. Qh3+
{1/2-1/2 Bonte,H-Van den Berg,H/Hengelo 2001/EXT 2002}) (9. Nxc6 bxc6 10. Nf3
c5 (10... Qb6 11. a3 f6 12. Bd3 Qc7 13. Qe2 fxe5 14. Nxe5 Nf6 15. O-O Bd6 16.
f4 O-O 17. Rf3 c5 18. bxc5 Bxc5+ 19. Kh1 Ne4 20. Bxe4 dxe4 21. Rc3 Qe7 22. Rxc5
Qxc5 23. Bb4 Qd4 24. c3 Qd8 25. Bxf8 {
Schammo,J-Rahman,Z (2305)/Dubai 1986/TD/1/2-1/2}) 11. bxc5 Bxc5 12. Bd3 Ne7 13.
O-O Nc6 14. Re1 h6 15. c4 dxc4 16. Qa4 Qb6 17. Reb1 Qa6 18. Qxc4 Qxc4 19. Bxc4
O-O 20. Bc3 a5 21. Bb5 Ne7 22. Bd4 Bxd4 23. Nxd4 Bb7 {
Stopa,J (2167)-Heyken,E (2325)/Polanica Zdroj 2001/EXT 2002/0-1 (35)}) (9. Nxc6
$5 bxc6 10. Bd3 $14) 9... Nge7 $11 10. f4 {
Black has a cramped position. Black's piece can't move: f8} (10. Ngf3 Bd7 $11)
10... Bd7 11. Bxc6 Nxc6 ({Not} 11... Bxc6 12. Ngf3 $11) 12. c3 {Covers d4} (12.
Ngf3 Qc7 $15) 12... Nxd4 $17 13. cxd4 Qb6 14. Nf3 Bxb4 15. O-O Bxd2 16. Qxd2
Bc6 (16... O-O $5 $17) 17. Rab1 {White threatens to win material: Rb1xb6} Qc7
18. Rfc1 (18. f5 exf5 19. Nh4 g6 $11) 18... O-O $15 19. Nh4 Qe7 {
Black threatens to win material: Qe7xh4} 20. Qf2 f6 21. Nf3 Rac8 22. Qe3 f5 23.
Rc3 Rc7 24. Rbc1 Rfc8 25. Qe2 Be8 26. Rxc7 Rxc7 27. Rb1 (27. Qb2 Bh5 $17) 27...
Qa3 $19 28. Qd2 b6 29. Ng5 (29. Ne1 Rc3 $19) 29... Bd7 (29... h6 30. Nf3 $19)
30. Re1 (30. h3 Rc4 $19) 30... Qc3 31. Qd1 (31. Qf2 h6 32. Nf3 Qa3 $19) 31...
h6 32. Nf3 Be8 33. Nh4 $4 {the final mistake, not that it matters anymore} (33.
Qe2 $19) 33... Rc4 (33... Bh5 {and Black can already relax} 34. Nf3 Bxf3 35.
gxf3 $19) 34. Qe2 (34. Nf3 {is not the saving move} Bh5 35. Qb3 Bxf3 36. Qxc3
Rxc3 37. gxf3 Rxf3 $19) 34... Qxd4+ 35. Kh1 (35. Qe3 {does not improve anything
} Qxf4 36. Qxf4 Rxf4 $19) 35... Qxf4 36. Nf3 Bh5 (36... Bh5 37. Rd1 Re4 $19)
0-1

[Event "The Asheboro Open XIX"]
[Site "?"]
[Date "2006.12.09"]
[Round "1"]
[White "Holmes, Adam"]
[Black "Helfst, Matt"]
[Result "1-0"]
[WhiteElo "1960"]
[BlackElo "1732"]
[Annotator "Fritz 9 (30s)"]
[PlyCount "77"]
[SourceDate "2006.11.11"]

{A08: King's Indian Attack} 1. e4 e6 2. d3 d5 3. Nd2 c5 4. g3 Nc6 5. Bg2 Nf6 6.
Ngf3 Be7 7. O-O O-O 8. e5 Nd7 9. Re1 f5 $146 (9... Re8 10. Nf1 Nf8 11. h4 b5
12. N1h2 Bb7 13. h5 h6 14. Bf4 Nh7 15. Qd2 Ng5 16. c3 d4 17. c4 bxc4 18. dxc4
Rb8 19. Ng4 Nb4 20. Bxg5 Bxg5 21. Nxg5 Qxg5 22. Qxg5 hxg5 23. Re2 Bxg2 24. Kxg2
{Podkriznik,G (2364)-Sitnik,I (2254)/Ljubjana 2004/CBM 101 ext/1/2-1/2 (55)}) (
9... Qe8 10. Nf1 f6 11. exf6 Bxf6 12. c3 Qf7 13. Qe2 Nde5 14. Nxe5 Bxe5 15. Bh3
Re8 16. Ne3 Bd7 17. f4 Bd6 18. Bg2 Kh8 19. Bf3 Rf8 20. Bd2 Rae8 21. Bh5 g6 22.
Bf3 h5 23. Rf1 Ne7 24. Qg2 {
Rigo,J (2385)-Degenhardt,H (2310)/Frankfurt 1989/EXT 97/1-0 (34)}) (9... Rb8
10. Nf1 b5 11. Bf4 a5 12. h4 a4 13. a3 Qa5 14. c3 d4 15. cxd4 Nxd4 16. Nxd4
cxd4 17. Nd2 Nc5 18. Ne4 Bb7 19. Bg5 Qc7 20. Rc1 Bxe4 21. Bxe4 Rfc8 22. Qh5 g6
23. Qf3 Qd8 24. Qf4 {
Tsanas,A (2235)-Kalaitzidis,P (2005)/Chania 2003/EXT 2005/1-0 (38)}) (9... a5
10. Nf1 a4 11. h4 a3 12. b3 f6 13. exf6 Bxf6 14. Bg5 h6 15. Bxf6 Qxf6 16. Ne3
Nde5 17. Nxe5 Qxf2+ 18. Kh2 Nxe5 19. Ng4 Nxg4+ 20. Qxg4 Qxc2 21. Rf1 Bd7 22.
Qd1 Qxd1 23. Raxd1 Rxf1 24. Bxf1 {
Prul-Ibragimov,I (2566)/Dos Hermanas 2003/EXT 2004/0-1}) (9... Qc7 10. Qe2 $15)
10. Nf1 Qe8 11. h4 (11. c4 d4 $11) 11... h6 {Consolidates g5} 12. Bf4 Qh5 13.
Qd2 Nb6 14. N1h2 Bd7 15. Bf1 Kh8 16. Be2 Qf7 17. Kg2 Rad8 18. Rh1 Kg8 19. h5 d4
{Black gets more space} 20. Rag1 (20. Nh4 Bxh4 21. gxh4 Ne7 $15) 20... Nd5 (
20... Qxh5 21. Kf1 $14) 21. Kf1 Kh7 (21... Qxh5 22. g4 Qe8 23. g5 $16) 22. c4
dxc3 23. bxc3 b6 (23... Be8 24. Qb2 $15) 24. c4 Nc7 25. Nh4 Nd4 {
Here comes the goal-getter} 26. Ng6 {The knight dominates} Rg8 27. g4 (27. Nf3
$142 Bc6 28. Qe3 $15) 27... fxg4 (27... Bc6 $142 $5 $17) 28. Rxg4 Nf5 (28...
Bc6 29. Rhg1 $11) 29. Rhg1 (29. Bf3 Na6 $14) 29... Na6 (29... Bc6 30. Bf3 Bxf3
31. Nxf3 $14) 30. Bf3 $14 (30. Nxe7 $6 Qxe7 31. a3 Be8 $15) 30... Nb4 31. a3 {
White threatens to win material: a3xb4} Nc6 32. Be4 ({Inferior is} 32. Nxe7
Ncxe7 33. Rg6 Bc6 $17) 32... Ncd4 33. Nf3 Bc6 34. Nxd4 (34. Nxe7 $2 {
doesn't work} Nxf3 35. Bxf3 Bxf3 36. Nxg8 Bxg4 37. Rxg4 Kxg8 $19 (37... Qxg8 $6
38. Qe2 $19) (37... Rxg8 $143 38. Kg2 $19)) 34... Bxe4 35. dxe4 Nxd4 36. Qe3
Rd7 (36... Nc6 37. Kg2 $14 (37. Nxe7 Rd1+ 38. Kg2 Rxg1+ 39. Kxg1 Qxh5 $17)) 37.
Nxe7 $16 Rxe7 38. Rg6 Ree8 $4 {leads to further unpleasantness} (38... Qf8 $142
39. R1g4 Nc6 $16) 39. Bxh6 $1 $18 {Demolishes the pawn shield. . . . . .} (39.
Bxh6 Re7 40. Bxg7 Rxg7 41. Qh6+ Kg8 42. Rxg7+ Qxg7 43. Rxg7+ Rxg7 44. Qf6 $18)
1-0

[Event "The Asheboro Open XIX"]
[Site "?"]
[Date "2006.12.09"]
[Round "1"]
[White "Huang, Kevin"]
[Black "Hogue, Tanner"]
[Result "1-0"]
[WhiteElo "1836"]
[BlackElo "1665"]
[Annotator "Fritz 9 (30s)"]
[PlyCount "43"]
[SourceDate "2006.11.11"]

{A36: Symmetrical English vs ...g6: 4 Bg2 Bg7} 1. c4 c5 2. Nc3 Nc6 3. g3 g6 4.
Bg2 Bg7 5. e4 e6 6. Nge2 Nge7 7. O-O a6 8. d3 Rb8 9. Be3 (9. f4 d6 10. g4 Nd4
11. f5 Nec6 12. Nxd4 Nxd4 13. Ne2 Qh4 14. Ng3 Be5 15. Bf4 Bxf4 16. Rxf4 h5 17.
fxg6 fxg6 18. e5 dxe5 19. Re4 hxg4 20. Nf1 b5 21. Rxg4 Qh5 22. Be4 g5 23. cxb5
Bb7 {Marusenko,P (2380)-Lalic,B (2560)/Hastings 1999/EXT 2000/0-1 (34)}) 9...
d6 $146 {Prevents intrusion on c5} (9... Nd4 10. Rb1 (10. b4 cxb4 11. Bxd4 Bxd4
12. Nxd4 bxc3 13. Qc2 O-O 14. Qxc3 e5 15. Nb3 Nc6 16. f4 d6 17. f5 Qg5 18. c5
Rd8 19. Rae1 dxc5 20. Nxc5 Nd4 21. Nb3 Qe7 22. f6 Qd6 23. Qc1 Nxb3 24. axb3 Be6
{Kazantsev,V-Saulin,D (2450)/Tula 2002/EXT 2003/0-1 (42)}) 10... Nec6 11. a3
Qe7 (11... b5 12. cxb5 axb5 13. b4 cxb4 14. axb4 O-O 15. Nxd4 Bxd4 16. Qd2 Qe7
17. Bh6 Rd8 18. Ne2 Bb6 19. d4 e5 20. dxe5 Nxe5 21. Nc3 Bb7 22. Bg5 f6 23. Nd5
Bxd5 24. Qxd5+ Kg7 25. Bf4 g5 26. Bxe5 {
Stoll,F (2240)-Ostl,A (2295)/Germany 1996/GER-chT2/1/2-1/2 (57)}) 12. f4 O-O
13. g4 d6 14. Ng3 b5 15. cxb5 axb5 16. b4 cxb4 17. axb4 Ra8 18. Kh1 Ra3 19. Qc1
Rb3 20. Rxb3 Nxb3 21. Qa3 Nbd4 22. Rc1 Bb7 23. Qb2 Ra8 24. h3 {
Ophoff,R-Speer,A/Bad Oeynhausen 1964/EXT 2001/0-1 (32)}) 10. d4 b6 11. f4 cxd4
12. Nxd4 {Black has a cramped position} ({Less advisable is} 12. Bxd4 Nxd4 13.
Nxd4 O-O $15) 12... Qc7 (12... O-O 13. f5 Nxd4 14. Bxd4 gxf5 15. Bxg7 Kxg7 16.
Qd2 $11) 13. Rc1 (13. Ndb5 axb5 14. Nxb5 Qd7 15. Nxd6+ Kf8 $18) 13... O-O 14.
Qd2 (14. Ncb5 Bxd4 15. Nxc7 Bxe3+ 16. Kh1 Bxc1 17. Qxc1 Rb7 $18) 14... f5 $2 (
14... Nxd4 15. Bxd4 Bb7 16. Bxg7 Kxg7 17. Qd4+ f6 18. Rcd1 $14) 15. Rfd1 (15.
Nxc6 $142 $5 Nxc6 16. Nb5 $18) 15... Nxd4 16. Bxd4 e5 {
Black threatens to win material: e5xd4} 17. Be3 Rd8 (17... fxe4 18. Qxd6 Qxd6
19. Rxd6 $16) 18. Qf2 (18. exf5 Bxf5 19. a3 Qd7 $16) 18... fxe4 $14 19. Bxe4 {
White has an active position. Black has new hanging pawns: d6+e5} Nf5 $2 (19...
Rf8 $142 $14 {and Black could well hope to play on}) 20. Nd5 $18 Qf7 21. Bxb6
Re8 $2 (21... Rf8 $142 $18) 22. Nc7 (22. Nc7 exf4 23. Bd5 $18) 1-0

[Event "The Asheboro Open XIX"]
[Site "?"]
[Date "2006.12.09"]
[Round "3"]
[White "Huang, Kevin"]
[Black "Marsh, Matt"]
[Result "0-1"]
[WhiteElo "1836"]
[BlackElo "1846"]
[Annotator "Fritz 9 (30s)"]
[PlyCount "104"]
[SourceDate "2006.11.11"]

{E92: King's Indian: Classical: 6 Be2 e5: 7 dxe5, 7 Be3 and Petrosian System
without 7...Nbd7} 1. Nf3 Nf6 2. c4 g6 3. Nc3 Bg7 4. d4 d6 5. e4 O-O 6. Be2 e5
7. d5 a5 8. O-O Na6 9. Be3 Nd7 (9... Nh5 10. g3 f5 11. exf5 gxf5 12. Ne1 f4 13.
Bd2 Nf6 14. gxf4 e4 15. f3 Nc5 16. Be3 Bh3 17. Ng2 Qe8 18. Qe1 Kh8 19. Qh4 Bf5
20. Rae1 Qd7 21. Kh1 Rf7 22. Bxc5 exf3 23. Rxf3 dxc5 24. Ne3 {
Skembris,S (2470)-Lagopatis,N (2235)/Serres 1990/EXT 97/1-0 (37)}) 10. Nd2 (10.
a3 f5 11. exf5 gxf5 12. Ng5 Nf6 13. f4 Qe7 14. Qd2 b6 15. fxe5 dxe5 16. Bf3 e4
17. Be2 Bd7 18. Rad1 Ne8 19. Qe1 Nd6 20. Qg3 Kh8 21. Nh3 Rg8 22. Bg5 Bf6 23.
Bxf6+ Qxf6 24. Qe3 Nc5 {
Rosenstein,W (1972)-Strunsky,A (1914)/playchess.com INT 2004/EXT 2005/1-0 (40)}
) 10... f5 $146 {Nimzovich: attack the chain at its base} (10... Ndc5 11. a3
Bd7 12. b3 f5 13. f3 Bf6 14. Rb1 Bg5 15. Bf2 Bf4 16. h4 fxe4 17. Ndxe4 Nxe4 18.
Nxe4 Bf5 19. b4 axb4 20. axb4 Bxe4 21. fxe4 Bh6 22. g3 Nb8 23. Ra1 Nd7 24. Kg2
Nf6 25. Qd3 {
Malykin,V (2392)-Buenermann,V (2311)/Germany 2003/CBM 098 ext/1-0 (45)}) 11. f3
(11. exf5 $5 {is interesting} gxf5 12. f4 $14) 11... f4 $11 {
Black threatens to win material: f4xe3} 12. Bf2 g5 (12... Qg5 13. Kh1 $11) 13.
h3 (13. a3 Rb8 $14) 13... Nf6 14. a3 {Covers b4} Bd7 15. Rb1 (15. b4 b6 16. c5
bxc5 (16... axb4 $2 {would be great except for} 17. axb4 Nxb4 18. Rxa8 Qxa8 19.
cxd6 $18) 17. bxc5 Nxc5 $11) 15... Qc8 16. Kh2 (16. b4 $5 {
should be investigated more closely} axb4 17. axb4 $11) 16... h5 $17 {
Black intends g4} 17. Rh1 Kf7 (17... g4 18. hxg4 hxg4 19. fxg4 Nxg4+ 20. Bxg4
Bxg4 $17) 18. h4 (18. Kg1 $142 $5 $15 {should not be overlooked}) 18... g4 $19
19. g3 gxf3 (19... Bh6 20. gxf4 Bxf4+ 21. Bg3 Bxg3+ 22. Kxg3 $19) 20. Bxf3 (20.
Nxf3 Ng4+ 21. Kg1 Bh6 $17) 20... Ng4+ $19 21. Bxg4 (21. Kg2 fxg3 22. Bg1 Kg8
$17) 21... hxg4 (21... Bxg4 $6 22. Qc2 $17) 22. Qe2 Bh6 23. Rbf1 Ke7 (23... Kg8
24. Kg1 $19) 24. Qe1 $2 (24. gxf4 Rxf4 25. c5 Nxc5 26. Bxc5 dxc5 $11) 24... Rh8
(24... Qe8 25. gxf4 Bxf4+ 26. Bg3 $19) 25. Ne2 (25. gxf4 Bxf4+ (25... exf4 $6
26. Bd4 $11) 26. Kg2 Qg8 $17) 25... Qg8 (25... f3 26. Nc1 $19) 26. Nc1 $2 (26.
gxf4 $142 $5 exf4 27. Bd4 $17) 26... Rf8 27. Nd3 b6 (27... Kd8 28. b4 a4 29. b5
$19) 28. b3 (28. gxf4 exf4 29. Bd4 Nc5 30. Nxc5 bxc5 (30... dxc5 $143 31. Be5
Kd8 32. b4 $17) 31. Bxh8 Qxh8 $19) 28... Nc5 (28... Kd8 29. b4 $19) 29. Nxc5 (
29. Bxc5 fxg3+ 30. Kg2 bxc5 31. Rxf8 Qxf8 $19 (31... Kxf8 $6 32. Nf1 $17) (
31... Bxf8 $6 32. Nf1 $17)) 29... bxc5 30. Rhg1 (30. Kg1 Kd8 $19) 30... Qh7 31.
Rh1 Bg5 32. Rfg1 $4 {
the position was bad, and this mistake simply hastens the end} (32. Kg2 $19)
32... Qh6 33. Nb1 fxg3+ 34. Bxg3 Bxh4 (34... Rf3 $142 {secures the win} 35. Kg2
Bf4 36. Bxf4 exf4 $19 (36... Qxf4 $6 37. Rf1 $19) (36... Rxf4 $6 37. Rf1 $19))
35. Kg2 Bxg3 36. Qxg3 (36. Rxh6 Bxe1 37. Rxh8 Rxh8 38. Rxe1 Rh3 $19) 36... Qf4
37. Qxf4 exf4 38. Nd2 (38. Rf1 Rxh1 39. Rxh1 Kf6 $19) 38... Kf6 39. Rb1 (39.
Rd1 {does not help much} Ke5 $19) 39... Ke5 40. b4 (40. Rbf1 {
cannot change destiny} Rxh1 41. Rxh1 Rf7 $19) 40... axb4 41. axb4 (41. Rxh8 {
doesn't get the bull off the ice} Rxh8 42. axb4 Ra8 $19) 41... Rxh1 42. Kxh1
Rb8 43. b5 Ra8 44. Kg1 {
White is down to one minute on his clock now, vs. 15 minutes for Black.} (44.
Rf1 {doesn't do any good} g3 45. Nf3+ Kxe4 46. Ng5+ Kf5 $19) 44... Ra2 45. Rd1
Be8 46. Kf1 (46. Nf1 {doesn't change anything anymore} f3 $19) 46... Bg6 47.
Ke2 (47. Kg1 $19 {desperation}) 47... Bxe4 48. Kf1 g3 49. Kg1 (49. Nb3 {
doesn't get the cat off the tree} Rh2 50. Re1 f3 51. Rxe4+ Kxe4 52. Nd2+ Rxd2
53. Ke1 Re2+ 54. Kf1 Ra2 55. Ke1 g2 56. b6 g1=Q#) 49... f3 50. Nxe4 (50. Nxf3+
{hardly improves anything} Bxf3 51. Kf1 Bxd1 52. b6 Bf3 53. Ke1 cxb6 54. Kf1
Ra1#) 50... Kxe4 51. Re1+ Kd4 (51... Kf4 52. Rb1 Rg2+ 53. Kf1 Rh2 54. Kg1 f2+
55. Kf1 Rh1+ 56. Ke2 Rxb1 57. Kd2 f1=Q 58. Kc3 Qd1 59. b6 Rb3#) 52. Re7 (52.
Rb1 {a fruitless try to alter the course of the game} Rg2+ 53. Kf1 Rh2 54. Kg1
f2+ 55. Kf1 Rh1+ 56. Kg2 Rxb1 57. Kxg3 f1=Q 58. Kg4 Qg2+ 59. Kf5 Qg8 60. Kf6
Rf1+ 61. Ke7 Qg7+ 62. Kd8 Rf8#) 52... Ra1+ (52... Ra1+ 53. Re1 Rxe1#) 0-1

[Event "The Asheboro Open XIX"]
[Site "?"]
[Date "2006.12.09"]
[Round "2"]
[White "Marsh, Matt"]
[Black "Holmes, Adam"]
[Result "1-0"]
[WhiteElo "1846"]
[BlackElo "1960"]
[Annotator "Fritz 9 (30s)"]
[PlyCount "61"]
[SourceDate "2006.11.11"]

{D30: Queen's Gambit Declined: Systems without Nc3} 1. d4 d5 2. c4 e6 3. Nf3 c5
4. cxd5 exd5 5. Qc2 $146 (5. dxc5 Bxc5 6. e3 (6. g3 Nc6 7. Bg2 Nge7 8. O-O h6
9. Nbd2 Bf5 10. a3 Qd7 11. b4 Bb6 12. Bb2 O-O 13. Re1 Rac8 14. Qb3 Be6 15. Qd1
Nf5 16. e3 Rfd8 17. Nb3 a5 18. b5 Nce7 19. a4 f6 20. Nfd4 Nxd4 {
Naranjo Henao,R-Arango,J/Medellin 2000/EXT 2001/1/2-1/2 (45)}) (6. Nc3 Bb4 (
6... d4 7. Na4 Bb4+ 8. Bd2 Bxd2+ 9. Qxd2 Nc6 10. Rd1 Nf6 11. Nxd4 Nxd4 12. Qxd4
Qxd4 13. Rxd4 O-O 14. e3 Be6 15. Nc3 Rfd8 16. Rxd8+ Rxd8 17. Be2 Nd5 18. O-O
Nxc3 19. bxc3 Bxa2 20. Rc1 Kf8 21. Kf1 {
Khonji,A-Sompisha,J/Dubai 1986/TD/1-0 (53)}) 7. Qb3 Nc6 8. Bd2 Nf6 9. e3 a6 10.
a3 Ba5 11. Be2 O-O 12. O-O Rb8 13. Rac1 h6 14. Qc2 Be6 15. b4 Bc7 16. Na4 Bd6
17. Bc3 Qe7 18. Qb2 Rfc8 19. Bxf6 Qxf6 20. Qxf6 gxf6 {
Majul,I-Saritha,N/Rio Gallegos 1986/EXT 2003/1-0 (67)}) 6... Nc6 7. a3 a5 8.
Nc3 Nf6 9. Be2 O-O 10. O-O d4 11. exd4 Nxd4 12. Nxd4 Qxd4 13. Be3 Qxd1 14. Nxd1
Bd6 15. Nc3 Ng4 16. Bxg4 Bxg4 17. Nb5 Be5 18. Bd4 Bxd4 19. Nxd4 Rfd8 {
Benko,P-Barcza,G/Budapest 1951/MCL/0-1 (73)}) (5. Be3 c4 6. g3 Nf6 7. Bg2 Be7
8. O-O O-O 9. Ne5 Nc6 10. Nxc6 bxc6 11. b3 cxb3 12. axb3 Qb6 13. h3 Ne4 14. Kh2
Re8 15. Nd2 Nxd2 {1/2-1/2 Kiriakov,P (2530)-Egin,V (2425)/Sochi 1997/EXT 99}) (
5. Nc3 Nf6 $14) 5... b6 (5... Nc6 6. dxc5 Qa5+ 7. Bd2 Qxc5 8. Qb3 $11) 6. Bf4 (
6. Nc3 Nf6 7. Bg5 Be7 $16) 6... Nf6 7. e3 Be7 8. Bd3 Nc6 9. a3 {Covers b4} O-O
10. O-O {White castles and improves king safety} Bg4 (10... c4 11. Bf5 $11) 11.
Ne5 $14 {White threatens to win material: Ne5xc6} Bd7 (11... Qc8 12. b3 $14)
12. Nd2 c4 {Black gets more space} 13. Bf5 (13. Nxd7 $142 $5 Qxd7 14. Bf5 $16)
13... Nxe5 14. dxe5 Bxf5 15. Qxf5 Qd7 {Black threatens to win material: Qd7xf5}
16. Qc2 Nh5 17. Nf3 Nxf4 18. exf4 {
White has a new doubled pawn: f2. Black has a new passed pawn: d5} Rfd8 (18...
f6 19. Rfe1 fxe5 20. fxe5 $15) 19. Rfd1 b5 20. Nd4 {White prepares f5} Bc5 21.
f5 Qe7 (21... Re8 22. f4 $15) 22. e6 (22. Nc6 $142 {
and White is still in the game} Qh4 23. b4 $14) 22... Bxd4 $17 23. exf7+ Qxf7
24. Rxd4 Re8 25. Rad1 Re5 26. g4 Rae8 27. Qc3 g6 28. fxg6 Qxg6 {
White has a new passed pawn: f2} (28... hxg6 29. Qg3 $17) 29. Qf3 Re4 (29...
Rf8 $5 30. Qg2 Qc2 $15) 30. h3 $11 Rf8 31. Qg2 (31. Qg2 Rxd4 32. Rxd4 Qb1+ 33.
Kh2 $11) 1-0

[Event "The Asheboro Open XIX"]
[Site "?"]
[Date "2006.12.09"]
[Round "2"]
[White "Moose, David"]
[Black "Hogue, Tanner"]
[Result "0-1"]
[WhiteElo "1687"]
[BlackElo "1665"]
[Annotator "Fritz 9 (30s)"]
[PlyCount "82"]
[SourceDate "2006.11.11"]

{D00: 1 d4 d5: Unusual lines} 1. d4 d5 2. e3 Nf6 3. Bd3 e6 4. Nd2 Bd6 5. Ngf3 (
5. f4 c5 (5... Nc6 6. Ngf3 Bb4 7. c3 Ba5 8. Ne5 Nxe5 9. fxe5 Ne4 10. Bxe4 dxe4
11. Nxe4 Bd7 12. O-O O-O 13. Qg4 c6 14. Bd2 Kh8 15. Rf3 g6 16. Nf6 h5 17. Nxh5
gxh5 18. Qxh5+ Kg7 19. Rg3+ {1-0 Pamartin-Bvasnani/playchess.com 2004/EXT 2005}
) 6. c3 cxd4 7. cxd4 Bb4 8. Ngf3 O-O 9. O-O b6 10. Qe2 Bb7 11. Ne5 Nbd7 12. a3
Bxd2 13. Bxd2 a5 14. Rac1 Nxe5 15. fxe5 Ne4 16. Bxe4 dxe4 17. Qg4 Rc8 18. Rxc8
Qxc8 19. Rc1 Qd7 {Graef,M (2110)-Mueller,J/Germany 2002/EXT 2005/1/2-1/2 (42)})
5... c6 6. O-O $146 (6. c3 h6 7. O-O O-O 8. Bb1 Re8 9. Re1 Nbd7 10. c4 e5 11.
e4 dxe4 12. Nxe4 Bb4 13. Bd2 Bxd2 14. Qxd2 Nxe4 15. Bxe4 exd4 16. Qxd4 Nf6 17.
Bc2 Be6 18. b3 Qc7 19. Qc3 Rad8 20. Rad1 Qb6 {
Pintor,A (1641)-Soares,T (1337)/Porto 2002/EXT 2003/1-0 (46)}) 6... Nbd7 7. e4
dxe4 8. Nxe4 Nxe4 9. Bxe4 Nf6 {Black threatens to win material: Nf6xe4} 10. Bg5
(10. Bd3 Qc7 $14) 10... Qc7 11. Bxf6 (11. Bd3 Bd7 $14) 11... gxf6 $11 {
Black has the pair of bishops} 12. Re1 Bd7 13. d5 $4 {
gives the opponent counterplay} (13. Rb1 $5 $11) 13... O-O-O (13... cxd5 $142
$5 14. Bd3 O-O-O $19) 14. dxc6 Bxc6 15. Qe2 Bxe4 16. Qxe4 f5 {
Black threatens to win material: f5xe4} 17. Qa4 {
White threatens to win material: Qa4xa7} Kb8 18. Re3 Bc5 19. Rc3 Qb6 {
Black threatens to win material: Qb6xb2} (19... Rhg8 20. Kf1 $15) 20. Rf1 (20.
Rb3 Qd6 21. Rd3 Qe7 $11) 20... Rd5 (20... Rhg8 $5 21. Rb3 Rg4 22. Rxb6 Rxa4 $19
) 21. Rb3 $15 {White threatens to win material: Rb3xb6} Qd6 (21... Qc7 $142 $15
) 22. Qb5 $4 {makes life more difficult} (22. c4 $142 {would bring relief} Rd3
23. Rxd3 Qxd3 24. Ne5 $11) 22... Bxf2+ $3 $19 {Demolishes the pawn shield} 23.
Rxf2 (23. Kxf2 Rxb5) 23... Rxb5 {Eliminates the defender b5} 24. Rxb5 Qd1+ 25.
Rf1 Qxc2 26. Nd4 (26. Rb3 {doesn't get the cat off the tree} Rg8 27. g3 e5 $19)
26... Qd3 (26... Qc4 $142 {and Black has triumphed} 27. Rd1 Rd8 28. b3 $19) 27.
Rb4 Qe3+ (27... Rg8 $142 $5 {might be the shorter path} 28. a3 a5 29. Nc6+ Ka8
30. Nxa5 $19) 28. Kh1 Qd2 29. a3 a5 (29... Rg8 $142 {
makes sure everything is clear} 30. Rg1 $19) 30. Nc6+ Kc7 (30... Ka8 $5 {
makes it even easier for Black} 31. Nxa5 Rc8 32. Nc4 $19) 31. Nxa5 Rg8 32. Rg1
e5 (32... Rb8 $142 $19 {seems even better}) 33. Nb3 $4 {
leads to further unpleasantness} (33. Rxb7+ $142 Kc8 34. Nc4 $17) 33... Qxb2 (
33... Qd5 $142 {and Black can already relax} 34. a4 f4 $19) 34. Rc1+ (34. Na5 {
no good, but what else?} Qe2 35. Rxb7+ Kd6 36. Rb2 $19) 34... Kb8 35. Rg1 Qxa3
36. Rb6 Qb2 (36... Rg6 $142 {makes it even easier for Black} 37. Rxg6 fxg6 38.
Nd2 $19) 37. Rb5 (37. Nc5 {the last chance for counterplay} Qxb6 38. Nd7+ Kc7
39. Nxb6 Kxb6 40. g3 $19) 37... e4 (37... f4 $142 {keeps an even firmer grip}
38. Rb6 f3 39. gxf3 Rxg1+ 40. Kxg1 $19) 38. g3 (38. Nd4 {
hardly improves anything} Qxd4 39. Rgb1 Qd7 $19) 38... Rd8 39. h4 Rd3 (39... e3
40. Nd4 Qxd4 41. Rgb1 Qe4+ 42. Kh2 Rd2+ 43. Kg1 Qg2#) 40. Rxb7+ Kxb7 41. Nc5+
Kc6 (41... Kc6 42. Nxd3 exd3 43. Rf1 d2 44. Kg1 Qd4+ 45. Kg2 d1=Q 46. Rxd1 Qxd1
47. Kf2 Qd2+ 48. Kg1 Qe2 49. Kh1 Qf2 50. h5 h6 51. g4 f4 52. g5 f3 53. gxh6
Qg2#) (41... Kc7 42. Nxd3 exd3 43. Rf1 d2 44. h5 Qc1 45. Kg2 Qxf1+ 46. Kxf1
d1=Q+ 47. Kf2 Qd2+ 48. Kf3 h6 49. g4 Qd3+ 50. Kg2 fxg4 51. Kg1 Qd2 52. Kf1 g3
53. Kg1 Qf2+ 54. Kh1 Qf1#) 0-1